000 00330nam a2200145Ia 4500
100 _aShmueli/Galit/ Patel/N.R
942 _cBK
366 _f27
245 _aDatamining for Business Intelligence
260 _bWiley Interscience
_c2007
082 _a5.74
_bSHM
300 _a279
546 _aENGLISH
_celectronics
999 _c29938
_d29938